00712nam a2200193 i 4500001000700000003000900007005001700016007000300033008004100036080002100077100002900098245009600127260003000223300002600253700002800279852006600307999001900373952012600392110544ES-MaACL20230906185059.0t|070131q1883 fr |||| | fre d a821.133.1-31"19"1 aColombier, Marie.93982314aLes mémoires de Sarah Barnum / cMarie Colombier ; avec une préface par Paul Bonnetain. aParis : b[s.n., c1883?] aXV, 333 p. ; c19 cm.1 aBonnetain, Paul.930272 aES-MaACLjE-11564 z. - Biblioteca Jacinto Martínez Lacalle c110544d110544 001040708LIBXIXaATENEOMbATENEOMcDEPO2d2008-01-17eSCl0oE-11564p1115338r2023-02-23 00:00:00w2023-02-23yMONANT